000 00503nmm a2200157Ia 4500
008 251105s9999||||xx |||||||||||||||||und||
020 _a9789560106209
041 _aspa
100 _aLeón, Gonzalo (ed.)
245 0 _aDegenerados: muestra de narrativa chileno-argentina hipercontemporánea
264 _a[Santiago de Chile, Chile] :
_bRil editores,
_c2018
300 _a290 páginas
650 _aLatin American narrative
856 _uhttps://public.digitaliapublishing.com/a/65394
942 _cCF
999 _c93971
_d93971